=LDR 00000nam 2200000 4500 =001 INLIS000000000014994 =005 20130612110256 =008 ***********************************Ind** =035 ##$$0010-061300000014994 =041 ##$$a Ind =082 ##$$a 635.6 =090 ##$$a 635.6, Ruk b =100 ##$$a Rukmana, Rahmad =245 ##$$a Budidaya mentimun, Rahmad rukmana =260 ##$$a 1994 $b Yogyakarta =300 ##$$a 67 hlm, Ilus, 21 cm =650 ##$$a Mentimun-budidaya =850 ##$$a NBPNMAT =990 ##$$a 74127412